|
|
|
|
| LEADER |
01174nam a2200301 a 4500 |
| 001 |
12276227 |
| 008 |
120715s2001 mau bf 001 0 eng |
| 010 |
|
|
|a 2001018139
|
| 020 |
|
|
|a 0631205950 (alk. paper)
|
| 040 |
|
|
|a DLC
|c DLC
|d DLC
|d BD-DhAAL
|
| 042 |
|
|
|a pcc
|
| 050 |
0 |
0 |
|a P302
|b .H344 2001
|
| 082 |
0 |
0 |
|a 401/.41
|2 21
|
| 999 |
|
|
|c 12543
|d 12543
|
| 999 |
|
|
|c 12543
|
| 245 |
0 |
4 |
|a The handbook of discourse analysis /
|c edited by Deborah Schiffrin, Deborah Tannen, and Heidi Hamilton.
|
| 260 |
|
|
|a Malden, Mass. :
|b Blackwell Publishers,
|c 2001.
|
| 300 |
|
|
|a xx, 851 p. ; 26 cm.
|
| 490 |
0 |
|
|a Blackwell handbooks in linguistics
|
| 504 |
|
|
|a Includes bibliographical references and index.
|
| 541 |
|
|
|e 000256043
|
| 650 |
|
0 |
|a Discourse analysis
|v Handbooks, manuals, etc.
|9 1888
|
| 700 |
1 |
|
|a Schiffrin, Deborah.
|9 1889
|
| 700 |
1 |
|
|a Tannen, Deborah.
|9 1890
|
| 700 |
1 |
|
|a Hamilton, Heidi Ehernberger.
|9 1891
|
| 852 |
1 |
|
|a Ayesha Abed Library
|c General shelf.
|
| 942 |
|
|
|2 ddc
|c BK
|
| 952 |
|
|
|0 0
|1 0
|2 ddc
|4 0
|6 401_410000000000000_HAN
|7 0
|9 20708
|a BRACUL
|b BRACUL
|c GEN
|d 2012-07-15
|e karim International
|g 6000.00
|l 6
|m 15
|o 401.41 HAN
|p 3010025603
|r 2024-02-05
|s 2024-01-22
|t 1
|w 2012-07-15
|y BK
|